[Event "32nd ECC Open 2016"]
[Site "Novi Sad SRB"]
[Date "2016.11.09"]
[Round "4.6"]
[Board "6"]
[White "Vujacic, Borivoje"]
[Black "Dvirnyy, Danyyil"]
[Result "0-1"]
[WhiteTitle "FM"]
[BlackTitle "GM"]
[WhiteElo "2240"]
[BlackElo "2552"]
[WhiteTeam "Crvena Zvezda"]
[BlackTeam "OR Padova"]
[WhiteFideId "903000"]
[BlackFideId "817570"]
[EventDate "2016.11.06"]

1. e4 c6 2. d4 d5 3. Nc3 dxe4 4. Nxe4 Bf5 5. Ng3 Bg6 6. h4 h6 7. Nf3 Nd7 8. h5
Bh7 9. Bd3 Bxd3 10. Qxd3 e6 11. Bd2 Ngf6 12. O-O-O Be7 13. Kb1 O-O 14. Ne4 Nxe4
15. Qxe4 Nf6 16. Qe2 Qd5 17. Ne5 Qe4 18. Qxe4 Nxe4 19. Be1 Rfd8 20. f3 Nf6 21.
Bf2 Nd7 22. Rhe1 Bd6 23. c3 Nf6 24. g4 Nd5 25. Kc2 Rdc8 26. Nd3 Kf8 27. c4 Nb4+
28. Nxb4 Bxb4 29. Re2 Rc7 30. Kb3 Bd6 31. Be1 Rd8 32. Ba5 b6 33. Bc3 Rcd7 34.
Red2 Bf4 35. Rd3 g6 36. hxg6 fxg6 37. Bd2 Bxd2 38. R1xd2 c5 39. Kc3 Ke7 40. d5
exd5 41. cxd5 Kd6 42. Re3 Kc7 43. Re6 Rd6 44. Rde2 b5 45. f4 h5 46. R2e5 h4 47.
Re3 Rh8 48. R6e5 h3 49. Re1 Rh4 50. Rh1 Rxg4 51. Rxh3 Rxf4 52. Re7+ Kb6 53. Rhh7
Rf3+ 54. Kc2 c4 55. Rxa7 Kc5 56. Rhc7+ Kd4 57. Rh7 Rf2+ 58. Kc1 Rdf6 59. Rh4+
Kxd5 60. Rd7+ Kc5 61. a3 Rg2 62. Rd2 Rf1+ 63. Kc2 Rgg1 64. Re2 Rc1+ 65. Kd2
Rgd1+ 66. Ke3 Rd5 67. Rc2 0-1

[Event "32nd ECC Open 2016"]
[Site "Novi Sad SRB"]
[Date "2016.11.09"]
[Round "4.7"]
[Board "1"]
[White "Harikrishna, Pentala"]
[Black "Bluebaum, Matthias"]
[Result "1-0"]
[WhiteTitle "GM"]
[BlackTitle "GM"]
[WhiteElo "2768"]
[BlackElo "2641"]
[WhiteTeam "AVE Novy Bor"]
[BlackTeam "SV Werder Bremen"]
[WhiteFideId "5007003"]
[BlackFideId "24651516"]
[EventDate "2016.11.06"]

1. e4 e6 2. d4 d5 3. Nc3 Nf6 4. e5 Nfd7 5. f4 c5 6. Nf3 Nc6 7. Be3 a6 8. Qd2 b5
9. dxc5 Bxc5 10. Bd3 Qb6 11. Bf2 h6 12. a3 O-O 13. O-O Ra7 14. Rae1 b4 15. axb4
Qxb4 16. f5 exf5 17. Bxf5 Nb6 18. Bd3 Bg4 19. Kh1 Bxf2 20. Qxf2 Rb8 21. Nh4 Be6
22. Nf5 Nd7 23. Nxd5 Qc5 24. Nfe7+ Nxe7 25. Nxe7+ Kh8 26. Nc6 Qxc6 27. Qxa7 Rxb2
28. Qd4 Rb6 29. Rb1 Rxb1 30. Rxb1 1-0

[Event "32nd ECC Open 2016"]
[Site "Novi Sad SRB"]
[Date "2016.11.09"]
[Round "4.7"]
[Board "2"]
[White "Werle, Jan"]
[Black "Wojtaszek, Radoslaw"]
[Result "1/2-1/2"]
[WhiteTitle "GM"]
[BlackTitle "GM"]
[WhiteElo "2551"]
[BlackElo "2744"]
[WhiteTeam "SV Werder Bremen"]
[BlackTeam "AVE Novy Bor"]
[WhiteFideId "1006088"]
[BlackFideId "1118358"]
[EventDate "2016.11.06"]

1. d4 Nf6 2. c4 e6 3. Nf3 b6 4. g3 Ba6 5. b3 Bb4+ 6. Bd2 Be7 7. Nc3 O-O 8. Bg2
c6 9. e4 d5 10. exd5 cxd5 11. Ne5 Bb7 12. O-O Nc6 13. cxd5 Nxe5 14. dxe5 Nxd5
15. Nxd5 Bxd5 16. Be3 Bxg2 17. Qxd8 Rfxd8 18. Kxg2 Rd5 19. f4 Bc5 20. Bxc5 Rxc5
21. Rad1 Rac8 22. Rd7 a5 23. Rf2 h5 24. Rfd2 Rc2 25. Kf3 Rxd2 26. Rxd2 a4 27.
bxa4 Rc4 28. Rd3 Rxa4 29. a3 Kh7 30. h3 Kg6 31. Rb3 b5 32. g4 1/2-1/2

[Event "32nd ECC Open 2016"]
[Site "Novi Sad SRB"]
[Date "2016.11.09"]
[Round "4.7"]
[Board "3"]
[White "Navara, David"]
[Black "Koop, Thorben"]
[Result "1/2-1/2"]
[WhiteTitle "GM"]
[BlackTitle "IM"]
[WhiteElo "2725"]
[BlackElo "2430"]
[WhiteTeam "AVE Novy Bor"]
[BlackTeam "SV Werder Bremen"]
[WhiteFideId "309095"]
[BlackFideId "24661619"]
[EventDate "2016.11.06"]

1. d4 Nf6 2. c4 g6 3. Nf3 Bg7 4. g3 c6 5. Bg2 d5 6. cxd5 cxd5 7. Nc3 O-O 8. Ne5
b6 9. O-O Bb7 10. Bf4 e6 11. Rc1 Nh5 12. Be3 Nc6 13. f4 Rc8 14. Bf2 Nf6 15. Qa4
a6 16. h3 b5 17. Qd1 Na5 18. Nd3 Nc4 19. Nc5 Rc7 20. b4 Ne8 21. a4 Ned6 22. axb5
axb5 23. Ra1 Qe7 24. Qd3 Bc6 25. Ra6 Ra8 26. Rfa1 Rca7 27. g4 Rxa6 28. Rxa6 Rxa6
29. Nxa6 Qa7 30. Nc5 Qa3 31. Kh2 Qxb4 32. f5 gxf5 33. gxf5 Nxf5 34. Bxd5 Bxd5
35. Nxd5 Qd2 36. Qf3 Bxd4 37. Nd7 Be5+ 38. Nxe5 Nxe5 39. Nf6+ Kg7 40. Ne8+ Kg6
41. Qg2+ Qg5 42. Qe4 Nc4 43. h4 Nd2 44. Qb4 Nf1+ 45. Kh3 Nxh4 46. Qxh4 Qxh4+ 47.
Kxh4 b4 48. Nd6 Nd2 49. Kg3 e5 50. Bc5 b3 51. Ba3 Kf6 52. Kf2 Ke6 53. Ke1 Nb1
54. Bb4 Kd5 55. Kd1 Nc3+ 56. Bxc3 Kxd6 57. Kc1 Kd5 58. Kb2 Ke4 59. Kxb3 Ke3 60.
Bxe5 f5 61. Kc2 Kxe2 62. Bf4 h5 63. Bg5 h4 64. Bxh4 f4 65. Kc3 f3 66. Kd4 f2 67.
Bxf2 Kxf2 1/2-1/2

[Event "32nd ECC Open 2016"]
[Site "Novi Sad SRB"]
[Date "2016.11.09"]
[Round "4.7"]
[Board "4"]
[White "Grigorian, Spartak"]
[Black "Shirov, Alexei"]
[Result "0-1"]
[BlackTitle "GM"]
[WhiteElo "2280"]
[BlackElo "2677"]
[WhiteTeam "SV Werder Bremen"]
[BlackTeam "AVE Novy Bor"]
[WhiteFideId "24661490"]
[BlackFideId "2209390"]
[EventDate "2016.11.06"]

1. d4 d5 2. c4 c6 3. Nc3 Nf6 4. Nf3 e6 5. Bg5 h6 6. Bh4 dxc4 7. e4 b5 8. e5 g5
9. Nxg5 hxg5 10. Bxg5 Nbd7 11. g3 Bb7 12. Bg2 Qb6 13. exf6 O-O-O 14. O-O c5 15.
d5 b4 16. Rb1 Qa6 17. dxe6 Bxg2 18. e7 Bxf1 19. Qd5 Re8 20. Ne4 Bh6 21. Bxh6
Rxh6 22. Nd6+ Qxd6 23. Qxd6 Rxf6 24. Qd5 Bd3 25. Re1 Kc7 26. f4 Re6 27. Rxe6
fxe6 28. Qf3 Rxe7 29. Qa8 c3 30. bxc3 bxc3 31. Qxa7+ Kc8 32. Kf2 c2 33. Qa3 Nb6
34. h4 Ra7 35. Qc3 Rxa2 36. Qxc5+ Kb7 37. Kf3 Ra1 0-1

[Event "32nd ECC Open 2016"]
[Site "Novi Sad SRB"]
[Date "2016.11.09"]
[Round "4.7"]
[Board "6"]
[White "Buchal, Stephan"]
[Black "Sasikiran, Krishnan"]
[Result "0-1"]
[WhiteTitle "FM"]
[BlackTitle "GM"]
[WhiteElo "2339"]
[BlackElo "2654"]
[WhiteTeam "SV Werder Bremen"]
[BlackTeam "AVE Novy Bor"]
[WhiteFideId "4603915"]
[BlackFideId "5004985"]
[EventDate "2016.11.06"]

1. c4 e5 2. g3 f5 3. d4 Bb4+ 4. Bd2 Bxd2+ 5. Qxd2 d6 6. Bg2 Nf6 7. Nc3 Qe7 8. e3
O-O 9. Nge2 c6 10. O-O Na6 11. Rab1 Nc7 12. b4 e4 13. c5 Bd7 14. cxd6 Qxd6 15.
Na4 Rae8 16. Nc5 Bc8 17. Nc3 b6 18. Nb3 Ba6 19. Rfc1 Ncd5 20. a3 g5 21. Re1 Nxc3
22. Qxc3 Nd5 23. Qb2 Qg6 24. Rbc1 Bd3 25. Rcd1 f4 26. Nc1 Ba6 27. a4 f3 28. b5
Bc8 29. Bf1 Qh5 0-1

[Event "32nd ECC Open 2016"]
[Site "Novi Sad SRB"]
[Date "2016.11.09"]
[Round "4.8"]
[Board "1"]
[White "Ragger, Markus"]
[Black "Inarkiev, Ernesto"]
[Result "1-0"]
[WhiteTitle "GM"]
[BlackTitle "GM"]
[WhiteElo "2694"]
[BlackElo "2714"]
[WhiteTeam "SC MPO Maria Saal"]
[BlackTeam "SHSM Legacy Square Moscow"]
[WhiteFideId "1610856"]
[BlackFideId "4162722"]
[EventDate "2016.11.06"]

1. d4 Nf6 2. c4 e6 3. Nf3 d5 4. Nc3 Bb4 5. cxd5 exd5 6. Bg5 h6 7. Bh4 O-O 8. e3
Bf5 9. Bd3 Bxd3 10. Qxd3 Nbd7 11. Ne5 Qe8 12. O-O c6 13. Nxd7 Nxd7 14. a3 Bd6
15. e4 dxe4 16. Nxe4 Be7 17. Bg3 Nb6 18. Nc5 Qc8 19. Rfe1 Nd5 20. Be5 b6 21. Ne4
Qd7 22. Qg3 f6 23. Bf4 Nxf4 24. Qxf4 Qxd4 25. Qc7 Rae8 26. Qxc6 Qxb2 27. Qc4+
Kh8 28. Ra2 Rc8 29. Qxc8 Qxa2 30. Qd7 Bxa3 31. Qxa7 f5 32. Ng3 Qd2 33. Rf1 Bc5
34. Qc7 Qd5 35. Ne2 Qc4 36. Qe5 f4 37. Rd1 Qa4 38. Ra1 Qc4 39. Ra7 Rf6 40. Qc7
Rg6 41. Ra8+ Kh7 42. Qc8 Rf6 43. Qh8+ Kg6 44. Qe8+ Kh7 45. Qh8+ Kg6 46. Qe8+ Rf7
47. Ra7 Bd6 48. Rd7 Bc7 49. Nc3 h5 50. h4 f3 51. g3 Bxg3 52. Qxf7+ Qxf7 53. Rxf7
Kxf7 54. fxg3 g5 55. hxg5 Kg6 56. Ne4 b5 57. Kf2 b4 58. Kxf3 Kf5 59. Ke3 b3 60.
Kd3 b2 61. Kc2 1-0

[Event "32nd ECC Open 2016"]
[Site "Novi Sad SRB"]
[Date "2016.11.09"]
[Round "4.8"]
[Board "3"]
[White "Kreisl, Robert"]
[Black "Malakhov, Vladimir"]
[Result "0-1"]
[WhiteTitle "IM"]
[BlackTitle "GM"]
[WhiteElo "2448"]
[BlackElo "2698"]
[WhiteTeam "SC MPO Maria Saal"]
[BlackTeam "SHSM Legacy Square Moscow"]
[WhiteFideId "1613880"]
[BlackFideId "4120787"]
[EventDate "2016.11.06"]

1. d4 g6 2. c4 Bg7 3. e4 c5 4. Nf3 Qa5+ 5. Nc3 d6 6. d5 Bxc3+ 7. bxc3 Bg4 8. Qc2
Bxf3 9. gxf3 Nd7 10. f4 Ngf6 11. Bd3 O-O-O 12. O-O h6 13. Re1 Qc7 14. Qe2 e5 15.
dxe6 fxe6 16. e5 dxe5 17. fxe5 Qxe5 18. Qxe5 Nxe5 19. Rxe5 Rxd3 20. Rxc5+ Kd8
21. Be3 Ng4 22. Bd4 Re8 23. Ra5 a6 24. Rb1 Kc8 25. Bb6 Nf6 26. Rc5+ Kb8 27. Bc7+
Ka8 28. Bg3 Rd7 29. Re1 Nh5 30. Rce5 Ng7 31. R5e4 g5 32. c5 Rd2 33. Rd4 Rd8 34.
Rd6 R8xd6 35. cxd6 b5 36. h4 Kb7 37. hxg5 hxg5 38. a4 bxa4 39. Ra1 Nf5 40. Bh2
Nxd6 41. Rxa4 Rd5 42. Kg2 e5 43. Kf3 a5 44. Kg4 Ka6 45. Kxg5 Kb5 46. Ra1 a4 47.
Kf6 Nc4 48. Ke6 Rd6+ 49. Kf5 Rd2 50. Bg3 a3 51. Bxe5 Rxf2+ 52. Ke4 Ka4 53. Bd4
Rg2 54. Kd5 Kb3 55. Rb1+ Rb2 56. Ra1 a2 57. Kc5 Rh2 0-1

[Event "32nd ECC Open 2016"]
[Site "Novi Sad SRB"]
[Date "2016.11.09"]
[Round "4.8"]
[Board "4"]
[White "Zvjaginsev, Vadim"]
[Black "Halvax, Georg"]
[Result "1-0"]
[WhiteTitle "GM"]
[BlackTitle "FM"]
[WhiteElo "2675"]
[BlackElo "2373"]
[WhiteTeam "SHSM Legacy Square Moscow"]
[BlackTeam "SC MPO Maria Saal"]
[WhiteFideId "4113403"]
[BlackFideId "1619543"]
[EventDate "2016.11.06"]

1. e4 g6 2. d4 Bg7 3. Nc3 d6 4. Be3 a6 5. Qf3 Nc6 6. O-O-O e5 7. dxe5 Nxe5 8.
Qg3 Nc6 9. Bg5 Qxg5+ 10. Qxg5 Bh6 11. h4 Be6 12. f4 Bxg5 13. hxg5 O-O-O 14. Be2
f6 15. Nf3 h6 16. Rde1 Rf8 17. f5 gxf5 18. g6 Rd8 19. exf5 Bxf5 20. Nh4 Bd7 21.
Nd5 Ne5 22. Bd3 Nxd3+ 23. cxd3 c6 24. Nb6+ Kc7 25. Nxd7 Rxd7 26. Re8 Rd8 27.
Rhe1 h5 28. Nf5 h4 29. Ng7 Rxe8 30. Rxe8 Kd7 31. Rf8 c5 32. Ne8 h3 33. gxh3 1-0

[Event "32nd ECC Open 2016"]
[Site "Novi Sad SRB"]
[Date "2016.11.09"]
[Round "4.8"]
[Board "5"]
[White "Ertl, Johann"]
[Black "Grachev, Boris"]
[Result "1/2-1/2"]
[WhiteTitle "FM"]
[BlackTitle "GM"]
[WhiteElo "2306"]
[BlackElo "2632"]
[WhiteTeam "SC MPO Maria Saal"]
[BlackTeam "SHSM Legacy Square Moscow"]
[WhiteFideId "1613626"]
[BlackFideId "4129199"]
[EventDate "2016.11.06"]

1. e4 c5 2. Nf3 e6 3. d4 cxd4 4. Nxd4 a6 5. Bd3 Bc5 6. Nb3 Be7 7. Qg4 g6 8. Qg3
d6 9. O-O Nc6 10. Nc3 h5 11. f4 Nf6 12. Bd2 b5 13. Rae1 Ng4 14. Re2 Bb7 15. Nd5
Bh4 16. Qf3 exd5 17. exd5+ Ne7 18. Na5 O-O 19. Nxb7 Qb6+ 20. Kh1 Qxb7 21. h3 Nh6
22. g3 Nhf5 23. gxh4 Nd4 24. Rxe7 Qxe7 25. Qf2 Qd7 26. Qxd4 Qxh3+ 27. Kg1 Qg3+
28. Kh1 Qh3+ 29. Kg1 Qg3+ 30. Kh1 Qh3+ 1/2-1/2

[Event "32nd ECC Open 2016"]
[Site "Novi Sad SRB"]
[Date "2016.11.09"]
[Round "4.8"]
[Board "6"]
[White "Popov, Ivan RUS"]
[Black "Rieger, Robert"]
[Result "1-0"]
[WhiteTitle "GM"]
[BlackTitle "FM"]
[WhiteElo "2596"]
[BlackElo "2287"]
[WhiteTeam "SHSM Legacy Square Moscow"]
[BlackTeam "SC MPO Maria Saal"]
[WhiteFideId "4170350"]
[BlackFideId "1625527"]
[EventDate "2016.11.06"]

1. e4 c5 2. Nf3 Nc6 3. Bb5 g6 4. Bxc6 bxc6 5. O-O Bg7 6. Re1 Nf6 7. e5 Nd5 8. c4
Nc7 9. d4 cxd4 10. Qxd4 O-O 11. Qh4 Ne6 12. Nc3 f6 13. exf6 exf6 14. b3 d5 15.
cxd5 cxd5 16. Ba3 Re8 17. Rad1 Bb7 18. Nb5 Nc7 19. Nd6 Rxe1+ 20. Rxe1 Bc6 21.
Nd4 Bd7 22. Qg3 a6 23. Nb7 Qc8 24. Rc1 Qxb7 25. Rxc7 Qb6 26. Bc5 Qa5 27. h3 Qe1+
28. Kh2 Be8 29. Nf5 Bf7 30. Rxf7 1-0

[Event "32nd ECC Open 2016"]
[Site "Novi Sad SRB"]
[Date "2016.11.09"]
[Round "4.9"]
[Board "1"]
[White "Howell, David W L"]
[Black "Lupulescu, Constantin"]
[Result "1/2-1/2"]
[WhiteTitle "GM"]
[BlackTitle "GM"]
[WhiteElo "2655"]
[BlackElo "2609"]
[WhiteTeam "Cheddleton"]
[BlackTeam "AEM Luxten Timisoara"]
[WhiteFideId "410608"]
[BlackFideId "1207822"]
[EventDate "2016.11.06"]

1. e4 c5 2. Nf3 Nc6 3. Bb5 g6 4. O-O Bg7 5. h3 e5 6. Bxc6 dxc6 7. d3 Qe7 8. Nbd2
Be6 9. a3 g5 10. Nc4 O-O-O 11. Bxg5 f6 12. Bd2 Nh6 13. b3 Rhg8 14. Kh1 Bf8 15.
Bxh6 Bxh6 16. Nh4 Bg5 17. Nf5 Bxf5 18. exf5 Rd4 19. Re1 Rf4 20. g3 Rxf2 21. Kg1
Rxf5 22. Qg4 Be3+ 23. Nxe3 Rxg4 24. Nxf5 Rxg3+ 25. Nxg3 Qd7 26. Kg2 Qd4 27. Rab1
b5 28. Re4 Qc3 29. Re2 c4 30. Ne4 Qd4 31. bxc4 bxc4 32. Rb4 f5 33. Rxc4 Qd5 34.
Kh2 fxe4 35. Rcxe4 Qd6 36. a4 Qf6 37. a5 h5 38. Rxe5 h4 39. R5e4 Qd6+ 40. Kh1
Qg3 41. R4e3 Qf4 42. Re4 Qf3+ 43. Kg1 Kb7 44. R4e3 Qf4 45. Kg2 Qg5+ 46. Kf1 Qf4+
47. Ke1 Qb4+ 48. Kf1 Qf4+ 49. Ke1 Qb4+ 50. Kf2 Qf4+ 51. Kg2 Qg5+ 52. Kf2 Qf4+
53. Rf3 Qh2+ 54. Kf1 Qh1+ 55. Kf2 Qh2+ 56. Ke1 Qh1+ 57. Kf2 1/2-1/2

[Event "32nd ECC Open 2016"]
[Site "Novi Sad SRB"]
[Date "2016.11.09"]
[Round "4.9"]
[Board "2"]
[White "Parligras, Mircea-Emilian"]
[Black "Hamitevici, Vladimir"]
[Result "1-0"]
[WhiteTitle "GM"]
[BlackTitle "IM"]
[WhiteElo "2599"]
[BlackElo "2484"]
[WhiteTeam "AEM Luxten Timisoara"]
[BlackTeam "Cheddleton"]
[WhiteFideId "1204297"]
[BlackFideId "13902393"]
[EventDate "2016.11.06"]

1. d4 Nf6 2. c4 c5 3. d5 b5 4. cxb5 a6 5. bxa6 Bxa6 6. Nc3 g6 7. e4 Qa5 8. Bd2
d6 9. Nf3 Bxf1 10. Kxf1 Bg7 11. g3 O-O 12. Kg2 Na6 13. Qe2 Nd7 14. Nb5 Qb6 15.
Bc3 Rfb8 16. a4 Nc7 17. Nxc7 Qxc7 18. Ra2 Bxc3 19. bxc3 Ra5 20. Rha1 Nb6 21. Nd2
c4 22. Rb1 Nxa4 23. Qxc4 1-0

[Event "32nd ECC Open 2016"]
[Site "Novi Sad SRB"]
[Date "2016.11.09"]
[Round "4.9"]
[Board "3"]
[White "Williams, Simon K"]
[Black "Nevednichy, Vladislav"]
[Result "0-1"]
[WhiteTitle "GM"]
[BlackTitle "GM"]
[WhiteElo "2444"]
[BlackElo "2541"]
[WhiteTeam "Cheddleton"]
[BlackTeam "AEM Luxten Timisoara"]
[WhiteFideId "404454"]
[BlackFideId "1205730"]
[EventDate "2016.11.06"]

1. d4 Nf6 2. g4 Nxg4 3. e4 d5 4. Be2 h5 5. exd5 Qxd5 6. Nf3 c6 7. Nc3 Qa5 8. Bc4
Bf5 9. Bd2 e6 10. Qe2 Qd8 11. O-O-O Be7 12. Rhg1 g6 13. Bf4 Nd7 14. d5 cxd5 15.
Bxd5 Rc8 16. Bb3 Rxc3 17. bxc3 Qa5 18. Kb1 Ngf6 19. Ne5 Ne4 20. Qc4 Ndc5 21. Nd7
Nxc3+ 22. Ka1 b5 23. Qxc5 Bxc5 24. Be5 Bxc2 25. Nf6+ Kf8 26. Nd7+ Ke7 27. Bf6+
Ke8 28. Rd2 Bxb3 29. Bxh8 Nd5 0-1

[Event "32nd ECC Open 2016"]
[Site "Novi Sad SRB"]
[Date "2016.11.09"]
[Round "4.9"]
[Board "4"]
[White "Berescu, Alin-Mile"]
[Black "Eggleston, David J"]
[Result "1/2-1/2"]
[WhiteTitle "GM"]
[BlackTitle "IM"]
[WhiteElo "2452"]
[BlackElo "2413"]
[WhiteTeam "AEM Luxten Timisoara"]
[BlackTeam "Cheddleton"]
[WhiteFideId "1204920"]
[BlackFideId "412120"]
[EventDate "2016.11.06"]

1. e4 c5 2. Nf3 d6 3. d4 Nf6 4. Nc3 cxd4 5. Nxd4 a6 6. Bg5 e6 7. f4 Be7 8. Qe2
h6 9. Bxf6 Bxf6 10. O-O-O Nd7 11. h4 Qa5 12. Rh3 Nc5 13. Re3 O-O 14. g3 e5 15.
Nb3 Nxb3+ 16. cxb3 Bd7 17. f5 Bc6 18. Kb1 Rac8 19. Qe1 Qc5 20. a3 Bd8 21. Nd5
Bxd5 22. Rc3 Ba5 23. b4 Qg1 24. exd5 Rxc3 25. Qxc3 Bb6 26. Be2 Qf2 27. Qf3 Rc8
28. h5 Qxf3 29. Bxf3 Bf2 30. g4 Be3 31. Re1 Bf4 32. Be4 Kf8 33. Re2 Rc4 34. Ka2
Ke7 35. Kb3 Rd4 36. Kc3 Kf6 37. Bf3 Kg5 38. Rc2 Be3 39. Kb3 e4 40. Be2 Rxd5 41.
Bc4 Rd2 42. Rxd2 Bxd2 43. Kc2 e3 44. Be2 Kf4 45. Kd3 f6 46. b3 Kg3 47. b5 axb5
48. a4 bxa4 49. bxa4 b6 50. Ke4 d5+ 51. Kd4 Kf2 52. Kd3 d4 53. Bd1 Bc3 54. Be2
Ke1 1/2-1/2

[Event "32nd ECC Open 2016"]
[Site "Novi Sad SRB"]
[Date "2016.11.09"]
[Round "4.9"]
[Board "5"]
[White "Fodor, Tamas Jr."]
[Black "Grunberg, Mihai-Lucian"]
[Result "1-0"]
[WhiteTitle "GM"]
[BlackTitle "IM"]
[WhiteElo "2493"]
[BlackElo "2397"]
[WhiteTeam "Cheddleton"]
[BlackTeam "AEM Luxten Timisoara"]
[WhiteFideId "723762"]
[BlackFideId "1204149"]
[EventDate "2016.11.06"]

1. d4 f5 2. c4 Nf6 3. Nc3 c6 4. Nf3 d5 5. Bf4 e6 6. e3 Be7 7. Bd3 O-O 8. O-O Ne4
9. h3 Nd7 10. Qc2 Kh8 11. Bh2 Bd6 12. Bxe4 Bxh2+ 13. Nxh2 fxe4 14. f3 exf3 15.
Rxf3 Qe7 16. Raf1 b6 17. Rxf8+ Nxf8 18. Nf3 Bd7 19. Ne5 Be8 20. Qf2 Kg8 21. b3
Rc8 22. Qg3 Ng6 23. Rf2 Rd8 24. Ne2 Qd6 25. Nxg6 Bxg6 26. Nf4 Bf5 27. Qh4 Rf8
28. Nh5 h6 29. Ng3 Bd3 30. Rxf8+ Qxf8 31. cxd5 exd5 32. Qg4 Kh7 33. Qd7 Qf6 34.
Kh2 a5 35. Nh5 Qg5 36. Nf4 Be4 37. Qxc6 h5 38. Qd7 h4 39. Qg4 Qe7 40. Nxd5 Bxd5
41. Qh5+ 1-0

[Event "32nd ECC Open 2016"]
[Site "Novi Sad SRB"]
[Date "2016.11.09"]
[Round "4.9"]
[Board "6"]
[White "Toma, Radu-Cristian"]
[Black "Steil-Antoni, Fiona"]
[Result "1-0"]
[BlackTitle "WIM"]
[WhiteElo "2368"]
[BlackElo "2141"]
[WhiteTeam "AEM Luxten Timisoara"]
[BlackTeam "Cheddleton"]
[WhiteFideId "1217992"]
[BlackFideId "4001249"]
[EventDate "2016.11.06"]

1. Nf3 f5 2. g3 Nf6 3. Bg2 e6 4. c4 Be7 5. O-O O-O 6. Nc3 d6 7. d4 Ne4 8. Qc2
Nxc3 9. bxc3 Nc6 10. e4 e5 11. Re1 f4 12. d5 Nb8 13. gxf4 exf4 14. e5 dxe5 15.
Nxe5 Bc5 16. Be4 Qh4 17. Kh1 Nd7 18. Nf3 Qh6 19. Nd4 Nf6 20. f3 Nxe4 21. Qxe4
Bxd4 22. cxd4 Bd7 23. Ba3 Rfe8 24. Be7 Bh3 25. c5 Qg6 26. Qxg6 hxg6 27. Bg5 c6
28. d6 Re3 29. Rxe3 fxe3 30. Re1 1-0

[Event "32nd ECC Open 2016"]
[Site "Novi Sad SRB"]
[Date "2016.11.09"]
[Round "4.10"]
[Board "1"]
[White "Getz, Nicolai"]
[Black "Postny, Evgeny"]
[Result "0-1"]
[WhiteTitle "IM"]
[BlackTitle "GM"]
[WhiteElo "2434"]
[BlackElo "2616"]
[WhiteTeam "Oslo Schakselskap"]
[BlackTeam "Beer Sheva Chess Club"]
[WhiteFideId "1505572"]
[BlackFideId "2804344"]
[EventDate "2016.11.06"]

1. e4 e5 2. Nf3 Nc6 3. Bc4 Nf6 4. d3 Be7 5. O-O d6 6. a4 Na5 7. Ba2 c5 8. Na3
O-O 9. c3 Nc6 10. Nc4 Be6 11. Ne3 Bxa2 12. Rxa2 d5 13. exd5 Nxd5 14. Nc4 Bf6 15.
Ra1 Qd7 16. Qe2 Rfe8 17. Be3 b6 18. a5 b5 19. Ncd2 Be7 20. Ne4 f5 21. Nxc5 Bxc5
22. Bxc5 Nf4 23. Qd1 Nxd3 24. Qb3+ Kh8 25. Rfd1 e4 26. Qc2 Qf7 27. Nd4 Nce5 28.
Bd6 Nc4 29. Nxb5 Qd7 30. b3 Nxd6 0-1

[Event "32nd ECC Open 2016"]
[Site "Novi Sad SRB"]
[Date "2016.11.09"]
[Round "4.10"]
[Board "2"]
[White "Roiz, Michael"]
[Black "Hauge, Lars Oskar"]
[Result "1-0"]
[WhiteTitle "GM"]
[BlackTitle "IM"]
[WhiteElo "2605"]
[BlackElo "2415"]
[WhiteTeam "Beer Sheva Chess Club"]
[BlackTeam "Oslo Schakselskap"]
[WhiteFideId "2804158"]
[BlackFideId "1509276"]
[EventDate "2016.11.06"]

1. Nf3 Nf6 2. c4 g6 3. d4 Bg7 4. g3 O-O 5. Bg2 d6 6. O-O c5 7. b3 Nc6 8. Bb2
cxd4 9. Nxd4 Qb6 10. e3 Bd7 11. Qd2 Rfe8 12. Nc3 Qa5 13. Nde2 a6 14. a3 b5 15.
cxb5 axb5 16. b4 Qb6 17. f4 Rad8 18. Rac1 Rc8 19. h3 e5 20. Kh2 Be6 21. Rfe1 Bc4
22. g4 d5 23. g5 Ne4 24. Nxd5 Bxd5 25. Qxd5 exf4 26. Bxg7 f3 27. Bxf3 Qxe3 28.
Bg2 Kxg7 29. Rxc6 Rcd8 30. Qxb5 Nxg5 31. Qc5 Nf3+ 32. Bxf3 Qxf3 33. Qc3+ Qxc3
34. Rxc3 Rd2 35. Kg3 Rexe2 36. Rxe2 Rxe2 37. Rb3 1-0

[Event "32nd ECC Open 2016"]
[Site "Novi Sad SRB"]
[Date "2016.11.09"]
[Round "4.10"]
[Board "3"]
[White "Mihajlov, Sebastian"]
[Black "Greenfeld, Alon"]
[Result "1/2-1/2"]
[WhiteTitle "FM"]
[BlackTitle "GM"]
[WhiteElo "2359"]
[BlackElo "2562"]
[WhiteTeam "Oslo Schakselskap"]
[BlackTeam "Beer Sheva Chess Club"]
[WhiteFideId "1512110"]
[BlackFideId "2800039"]
[EventDate "2016.11.06"]

1. d4 Nf6 2. c4 g6 3. Nc3 d5 4. Nf3 Bg7 5. Qa4+ Bd7 6. Qb3 dxc4 7. Qxc4 Be6 8.
Qb5+ Bd7 9. Qc4 Be6 10. Qb5+ Bd7 11. Qc4 Be6 12. Qb5+ 1/2-1/2

[Event "32nd ECC Open 2016"]
[Site "Novi Sad SRB"]
[Date "2016.11.09"]
[Round "4.10"]
[Board "4"]
[White "Mikhalevski, Victor"]
[Black "Persson, Mats"]
[Result "0-1"]
[WhiteTitle "GM"]
[BlackTitle "FM"]
[WhiteElo "2508"]
[BlackElo "2314"]
[WhiteTeam "Beer Sheva Chess Club"]
[BlackTeam "Oslo Schakselskap"]
[WhiteFideId "2801914"]
[BlackFideId "1708333"]
[EventDate "2016.11.06"]

1. c4 e5 2. g3 Nc6 3. Nc3 g6 4. Bg2 Bg7 5. e4 d6 6. Nge2 f5 7. d3 Nf6 8. O-O O-O
9. Nd5 Nh5 10. Be3 Nd4 11. Nxd4 exd4 12. Bd2 c6 13. Nf4 Nxf4 14. Bxf4 fxe4 15.
Bxe4 Bh3 16. Bg2 Bxg2 17. Kxg2 Qd7 18. Qd2 Rae8 19. Rae1 c5 20. Rxe8 Rxe8 21.
Re1 b6 22. Rxe8+ Qxe8 23. Qd1 Be5 24. Bd2 b5 25. b3 bxc4 26. bxc4 Qd7 27. Qf3
Kg7 28. h3 h5 29. Bg5 Kh7 30. Qf8 Qb7+ 31. Qf3 Qd7 32. a4 a5 33. Qf8 Qb7+ 34.
Qf3 Qd7 35. Bd2 Qxa4 36. Qf7+ Bg7 37. Bg5 Qc6+ 38. Kf1 Qa8 39. Qd7 Qf3 40. Kg1
Qf5 41. Qe7 a4 42. h4 a3 43. Qa7 a2 44. Qxa2 Qxd3 45. Bf4 Qd1+ 46. Kg2 d3 47.
Qa8 Qg4 48. Qd5 Qf5 49. Qxf5 gxf5 50. Kf3 Be5 51. Bg5 d5 52. cxd5 Kg6 53. Be7 c4
54. Bb4 Kf7 55. Ke3 Ke8 56. Be1 Kd7 57. Bb4 Bb2 58. Kd2 Bd4 59. f3 Bf2 60. Kc3
Be1+ 61. Kxc4 Bxb4 62. Kxd3 Bd6 63. g4 fxg4 64. fxg4 hxg4 65. h5 Ke7 66. h6 Kf7 0-1